| 000 | 00515nam a22001697a 4500 | ||
|---|---|---|---|
| 999 |
_c14950 _d14950 |
||
| 003 | OSt | ||
| 082 | _2631.3 YOU/MO | ||
| 088 | _aT 323 | ||
| 100 |
_aYOUNUS A _92232 |
||
| 245 | _aModification and testing of a coleus harvester | ||
| 260 |
_aTavanur 2015 _bKelappaji College of Agricultural Engineering and Technology |
||
| 300 | _a85 | ||
| 500 | _aModification and testing of a coleus harvester | ||
| 520 | _aModification and testing of a coleus harvester | ||
| 700 |
_aDr. Jayan P.R (Guide) _92172 |
||
| 942 | _cTH | ||